Statystyki dla Żeńskie Imiona na literę P

Kliknij tutaj aby rozwiązać quiz!

Ogólne statystyki

  • Ten quiz został rozwiązany 342 razy
  • Średni wynik to 4 z 15

Statystyki odpowiedzi

Imiona% Poprawnych
Patrycja
95%
Paulina
93%
Pola
77%
Paula
58%
Pamela
54%
Penelopa
18%
Petronela
15%
Piotra
13%
Petra
6%
Przybysława
5%
Petronia
4%
Przecława
4%
Pęcisława
2%
Piotrumiła
1%
Protazja
1%

Rozkład punktacji

Percentyl według liczby udzielonych odpowiedzi

Procent ludzi z każdym wynikiem

Twoja historia wyników

Nie rozwiązałeś tego quizu